000 00552nam a2200181Ia 4500
008 240729s9999 xx 000 0 und d
022 _a2063-5303
245 0 _aJournal of Behavioral Addictions
260 _aHungary
260 _bAkadémiai Kiadó
650 _a Internal medicine
650 _a Neurosciences. Biological psychiatry. Neuropsychiatry | Philosophy. Psychology. Religion
650 _a Psychology
650 _aMedicine
856 _uhttps://doaj.org/toc/98839758700942018c042ad04fd81957
942 _2ddc
942 _cDOAJEJ
999 _c70581
_d70581
945 _a1
_bMadushi Gamage
_c1
_dMadushi Gamage